000 00385nam a2200157Ia 4500
008 181130s2018 xx 000 0 und d
100 _aRajput, Vaishali
245 _aWomen on the sports podium
260 _c2018
300 _ap.24-27.
504 _d25-Jun
650 _aWomen in sports
700 _aLau, Suresh Kumar
773 _aUniversity News
906 _aWomen in sports
999 _c506363
_d506363